Die Marienkirche zu Lübeck
Saved in:
| Main Author: | |
|---|---|
| Document Type: | Book |
| Language: | German |
| Published: |
München [u.a.]
: Deutscher Kunstverl.
, 1983
|
| Subjects: | |
| Online Access: | Inhaltsverzeichnis Inhaltsverzeichnis |
| Related Items: | Rezensiert in:
[Rezension von: Max Hasse, Die Marienkirche zu Lübeck] |
| Author Notes: | Max Hasse |
| LEADER | 04079cam a2200973 c 4500 | ||
|---|---|---|---|
| 001 | 1620659735 | ||
| 003 | DE-627 | ||
| 005 | 20260611204753.0 | ||
| 007 | tu | ||
| 008 | 860704s1983 gw ||||| 00| ||ger c | ||
| 015 | |a 83,N39,0308 |2 dnb | ||
| 015 | |a 84,A44,0715 |2 dnb | ||
| 016 | 7 | |a 830998144 |2 DE-101 | |
| 020 | |a 3422007474 |9 3-422-00747-4 | ||
| 035 | |a (DE-627)1620659735 | ||
| 035 | |a (DE-603)060416130 | ||
| 035 | |a (DE-576)011865458 | ||
| 035 | |a (DE-599)BSZ011865458 | ||
| 035 | |a (OCoLC)720986373 | ||
| 035 | |a (OCoLC)1078731251 | ||
| 035 | |a (OCoLC)10993813 | ||
| 035 | |a (DE-604)8001188100 | ||
| 035 | |a (AT-OBV)AC01402212 | ||
| 040 | |a DE-627 |b ger |c DE-627 |e rakwb | ||
| 041 | |a ger | ||
| 044 | |c XA-DE | ||
| 050 | 0 | |a NA5586.L85 | |
| 082 | 0 | |a 726/.5/0943512 | |
| 082 | 0 | |a 726.50943512 |q LoC |2 DDC19oclc | |
| 084 | |a 45 |2 sdnb | ||
| 084 | |a 9,10 |a 1 |2 ssgn | ||
| 084 | |a LK 47092 |2 rvk |0 (DE-625)rvk/97910:13313 | ||
| 084 | |a 21.70 |2 bkl | ||
| 084 | |a 20.70 |2 bkl | ||
| 084 | |a 56.88 |2 bkl | ||
| 100 | 1 | |a Hasse, Max |d 1911-1986 |0 (DE-588)1099914906 |0 (DE-627)858780232 |0 (DE-576)469363614 |4 aut | |
| 245 | 1 | 4 | |a Die Marienkirche zu Lübeck |c Max Hasse |
| 264 | 1 | |a München [u.a.] |b Deutscher Kunstverl. |c 1983 | |
| 300 | |a 255 S. |b Ill., graph. Darst. | ||
| 336 | |a Text |b txt |2 rdacontent | ||
| 337 | |a ohne Hilfsmittel zu benutzen |b n |2 rdamedia | ||
| 338 | |a Band |b nc |2 rdacarrier | ||
| 361 | 1 | |5 DE-Hil6 |y 4114719350 |s 1 E c 6120 |o Vorbesitz |a Eymelt, Friedrich |0 (DE-588)1034718304 |0 (DE-627)746198248 |0 (DE-576)382352173 | |
| 500 | |a Literaturverz. S. 247 - 249. - Literaturangaben | ||
| 583 | 1 | |a Archivierung/Langzeitarchivierung gewährleistet |f SSG |x XA-DE-BW |2 pdager |5 DE-21 | |
| 583 | 1 | |a Archivierung/Langzeitarchivierung gewährleistet |f SSG |x XA-DE-BW |2 pdager |5 DE-16 | |
| 650 | 4 | |a Lübeck / R.b. Architektur, Bautechnik | |
| 650 | 4 | |a Kirche / Einz. Orte -> Lübeck | |
| 651 | 7 | |0 (DE-588)4104516-6 |0 (DE-627)105902446 |0 (DE-576)209397527 |a Sankt Marien |g Lübeck |2 gnd | |
| 651 | 4 | |a Lübeck | |
| 653 | 0 | |a Marienkirche zu Lübeck | |
| 653 | 0 | |a Architecture, Gothic |a Germany |a Lübeck | |
| 653 | 0 | |a Christian art and symbolism |a Germany |a Lübeck | |
| 689 | 0 | 0 | |d g |0 (DE-588)4104516-6 |0 (DE-627)105902446 |0 (DE-576)209397527 |a Sankt Marien |g Lübeck |2 gnd |
| 689 | 0 | |5 DE-101 | |
| 689 | 1 | 0 | |d g |0 (DE-588)4104516-6 |0 (DE-627)105902446 |0 (DE-576)209397527 |a Sankt Marien |g Lübeck |2 gnd |
| 689 | 1 | |5 (DE-627) | |
| 689 | 2 | 0 | |d g |0 (DE-588)4104516-6 |0 (DE-627)105902446 |0 (DE-576)209397527 |a Sankt Marien |g Lübeck |2 gnd |
| 689 | 2 | 1 | |d s |0 (DE-588)4002851-3 |0 (DE-627)104280352 |0 (DE-576)208848975 |a Architektur |2 gnd |
| 689 | 2 | 2 | |a z |2 gnd |a Geschichte |
| 689 | 2 | |5 (DE-627) | |
| 689 | 3 | 0 | |d g |0 (DE-588)4104516-6 |0 (DE-627)105902446 |0 (DE-576)209397527 |a Sankt Marien |g Lübeck |2 gnd |
| 689 | 3 | |5 (DE-627) | |
| 787 | 0 | 8 | |i Rezensiert in |a Habich, Johannes, 1934 - |t [Rezension von: Max Hasse, Die Marienkirche zu Lübeck] |d 1984 |w (DE-627)1851803920 |
| 856 | 4 | 2 | |u http://d-nb.info/830998144/04 |m B:DE-101 |q application/pdf |3 Inhaltsverzeichnis |7 1 |
| 856 | 4 | 2 | |u http://scans.hebis.de/HEBCGI/show.pl?06041613_toc.pdf |m V:DE-605;X:Imageware |q application/pdf |3 Inhaltsverzeichnis |7 1 |
| 889 | |w (DE-627)441570356 | ||
| 889 | |w (DE-627)024983969 | ||
| 935 | |i mdedup | ||
| 936 | r | v | |a LK 47092 |b Kirchen, Kathedralen |k Kunstgeschichte |k Kunst nach Ländern bzw. Kontinenten |k Deutschland |k Kunsttopografie Deutschlands |k Orte Deutschlands |k Orte L |k Lübeck |k Kirchen, Kathedralen |0 (DE-627)1271582341 |0 (DE-625)rvk/97910:13313 |0 (DE-576)201582341 |
| 936 | b | k | |a 21.70 |j Geschichte der Sakralbaukunst |0 (DE-627)106421255 |
| 936 | b | k | |a 20.70 |j Europäische Kunst: Allgemeines |0 (DE-627)106406566 |
| 936 | b | k | |a 56.88 |j Sakralbau |x Architektur |0 (DE-627)106421204 |
| 936 | s | n | |a l300 |2 mzub |
| 936 | s | n | |a z210 |2 mzub |
| 951 | |a BO | ||
| 990 | |a Sankt Marien | ||
| 990 | |a Sankt Marien | ||
| 990 | |a Sankt Marien | ||
| 990 | |a Architektur | ||
| 990 | |a Geschichte | ||
| 990 | |a Sankt Marien | ||
| 991 | |a Rezensiertes Werk | ||
| 999 | |a KXP-PPN1620659735 |e 4374042512 | ||


